The economics of women, men, and work (Registro nro. 584)
[ vista simple ]
| 000 -LEADER | |
|---|---|
| fixed length control field | 01396 a2200253 4500 |
| 001 - CONTROL NUMBER | |
| control field | 14583 |
| 005 - DATE AND TIME OF LATEST TRANSACTION | |
| control field | 20260407155447.0 |
| 008 - FIXED-LENGTH DATA ELEMENTS--GENERAL INFORMATION | |
| fixed length control field | 260407a2010 arg spa d |
| 003 - CONTROL NUMBER IDENTIFIER | |
| control field | AR-UNSa-BCEJYS |
| 040 ## - CATALOGING SOURCE | |
| Original cataloging agency | AR-UNSa-BCEJYS |
| Language of cataloging | spa |
| Transcribing agency | AR-UNSa-BCEJYS |
| 080 ## - UNIVERSAL DECIMAL CLASSIFICATION NUMBER | |
| Universal Decimal Classification number | 331.5 |
| Common auxiliary subdivision | Mercado de Trabajo. Empleo |
| 020 ## - INTERNATIONAL STANDARD BOOK NUMBER | |
| International Standard Book Number | 978-0-13-608425-9 |
| 100 1# - MAIN ENTRY--PERSONAL NAME | |
| Personal name | Blau, Francine D. |
| 245 10 - TITLE STATEMENT | |
| Title | The economics of women, men, and work |
| 250 ## - EDITION STATEMENT | |
| Edition statement | 6a. ed. |
| 264 #1 - PRODUCTION, PUBLICATION, DISTRIBUTION, MANUFACTURE, AND COPYRIGHT NOTICE | |
| Place of production, publication, distribution, manufacture | Boston : |
| Name of producer, publisher, distributor, manufacturer | Pearson |
| Date of production, publication, distribution, manufacture, or copyright notice | 2010 |
| 300 ## - PHYSICAL DESCRIPTION | |
| Extent | xxii, 428 p. |
| Dimensions | 25 cm. |
| 505 ## - FORMATTED CONTENTS NOTE | |
| Formatted contents note | 1. Introduction - 2. Women and men: changing roles in a changing economy - 3. The family as an economic unit - 4. The allocation of time between the household and the labor market - 5. Differences in Occupations and earnings: overview - 6. Differences in occupations and earnings: The human capital model - 7. Differences in occupations and earnings: The role of labor market discrimination - 8. Recent developments in earnings - 9. Recent employment trends - 10. Changing work roles and the family - 11. Policies affecting paid work and the family - 12. Gender differences in other countries<br/> |
| 590 ## - LOCAL NOTE (RLIN) | |
| Local note | niveau_biblio:m niveau_hierar:0 |
| 700 1# - ADDED ENTRY--PERSONAL NAME | |
| Personal name | Ferber, Marianne A. |
| 700 1# - ADDED ENTRY--PERSONAL NAME | |
| Personal name | Winkler, Anne E. |
| 856 41 - ELECTRONIC LOCATION AND ACCESS | |
| Uniform Resource Identifier | <a href="https://biblioeco.unsa.edu.ar/pmb/images/libros/The economics of women, men, and work2-l118985.jpg">https://biblioeco.unsa.edu.ar/pmb/images/libros/The economics of women, men, and work2-l118985.jpg</a> |
| Link text | Imagen de portada |
| Electronic format type | image/jpeg |
| 942 ## - ADDED ENTRY ELEMENTS (KOHA) | |
| Koha item type | |
| Withdrawn status | Lost status | Damaged status | Not for loan | Home library | Current library | Shelving location | Date acquired | Total checkouts | Full call number | Barcode | Date last seen | Price effective from | Koha item type |
|---|---|---|---|---|---|---|---|---|---|---|---|---|---|
| Biblioteca Prof. Eusebio Cleto del Rey | Biblioteca Prof. Eusebio Cleto del Rey | 07/04/2026 | 331.5 B645 6ed. | L118984 | 07/04/2026 | 07/04/2026 | Libro | ||||||
| Biblioteca Prof. Eusebio Cleto del Rey | Biblioteca Prof. Eusebio Cleto del Rey | 07/04/2026 | 331.5 B645 6ed. | L118985 | 07/04/2026 | 07/04/2026 | Libro |